| 000 | 00898nam a2200217 i 4500 | ||
|---|---|---|---|
| 001 | 99556 | ||
| 003 | ES-MaACL | ||
| 005 | 20251113143258.0 | ||
| 007 | t| | ||
| 008 | 050913s1968 sp af |||| | spa d | ||
| 080 | _a791.862(468.18 Puert. Santa Maria) | ||
| 100 | 1 |
_aMartínez Alfonso, Manuel. _977835 |
|
| 245 | 1 | 0 |
_aPlaza Real _b: "¡Toros en el puerto!" / _cManuel Martínez Alfonso ; carta-prólogo del Excmo. Sr. Conde de Colombí ; [dibujos originales de Juan Lara]. |
| 260 |
_aPuerto de Santa María : _b[s.n.], _c1968 ( _fGrafibérica) |
||
| 300 |
_aXIX, 649 p., 1 h., 26 lám. col. : _bil. ; _c28 cm. |
||
| 650 | 4 |
_aCorridas de toros- _zEl Puerto de Santa María (Cádiz) _9140490 |
|
| 700 | 1 |
_aGutiérrez Ballesteros, José María, _cConde de Colombí _961094 |
|
| 700 | 1 |
_aLara Izquierdo, Juan, _d1920-1995 _9140489 |
|
| 852 |
_aES-MaACL _jC-56937 |
||
| 999 |
_c99556 _d99556 |
||